000 00624cam a22002053a 4500
001 39099
003 PGUSA
005 20140828083851.0
008 120311s2012||||xxu|||||s|||||000 | eng d
040 _aPGUSA
_beng
042 _adc
100 1 _aVerne, Jules,
_d1828-1905
245 1 0 _aTalvenpito pohjoisissa jäissä; Mont-Blanc vuorelle nousu :
_bKaksi kertomusta
_h[electronic resource] /
_cJules Verne
260 _bProject Gutenberg,
_c2012
506 _aPublic domain in the USA.
516 _aElectronic text
830 0 _aProject Gutenberg
_v39099
856 4 0 _uhttp://www.gutenberg.org/ebooks/39099
942 _cEB
999 _c268352
_d268352